Neplatnosť a odstúpenie od zmluvy o prevode obchodného podielu z pohľadu korporačného práva a civilného procesu

Odôvodnenie, že ani v prípade neplatnosti zmluvy o prevode obchodného podielu nedochádza automaticky k obnoveniu právneho stavu týkajúceho sa právneho predchodcu, skutočného spoločníka v obchodnej spoločnosti ako celku. Návrh na rekodifikáciu korporačného práva kvôli odstráneniu určitých nedostatkov...

Descrizione completa

Salvato in:
Dettagli Bibliografici
Autore principale: Csach, Kristián
Natura: Capitolo di libro
Lingua:slovacco
Soggetti:
Tags: Aggiungi Tag
Nessun Tag, puoi essere il primo ad aggiungerne!!

MARC

LEADER 00000naa a2200000 4500
001 0273851
005 20210520130810.1
041 0 |a slo 
044 |a SK 
245 1 0 |a Neplatnosť a odstúpenie od zmluvy o prevode obchodného podielu z pohľadu korporačného práva a civilného procesu  |c Kristián Csach 
520 |a Odôvodnenie, že ani v prípade neplatnosti zmluvy o prevode obchodného podielu nedochádza automaticky k obnoveniu právneho stavu týkajúceho sa právneho predchodcu, skutočného spoločníka v obchodnej spoločnosti ako celku. Návrh na rekodifikáciu korporačného práva kvôli odstráneniu určitých nedostatkov. 
610 2 0 |a podiely obchodné 
610 2 0 |a spoločníci 
610 2 0 |a zmluvy 
610 2 0 |a legislatíva 
100 1 |a Csach, Kristián